000 00982cam a22002892a 4500
001 16649
003 BD-RjUL
005 20211209000033.0
008 140215t19661962enka 000 0 eng d
020 _a0561000808
035 _a(BD-RjUL)16704
040 _aUKM
_cUKM
_dEQO
_dDB-RjUL
_beng
041 _aeng
082 0 4 _a797.210222
_218
_bROS 1966
100 1 _aRobertson, David H.
_951431
245 1 0 _aSwimming /
_cconsultants, David H. Robertson, Charles W. Russell
260 _aNew york :
_bsterling pub.,
_cc1962 [printing 1966].
300 _a96 p. (chiefly illus) :
_billus. ;
_c20 cm.
490 1 _aSeries / Athletic Institute (Chicago)
500 _aOriginally published as 'How to improve your swimming'. Chicago: Athletic Institute, [195?]
650 0 _aSwimming
_xPictorial works
_951432
700 1 _aRussell, Charles W.,
_d1911-
_951433
830 _aSeries (Athletic Institute (Chicago))
_951440
942 _2ddc
_cBK
999 _c16649
_d16649